|
|
|
|
| LEADER |
03423nam a2200589 4500 |
| 001 |
978-3-030-34518-1 |
| 003 |
DE-He213 |
| 005 |
20191031194819.0 |
| 007 |
cr nn 008mamaa |
| 008 |
191031s2019 gw | s |||| 0|eng d |
| 020 |
|
|
|a 9783030345181
|9 978-3-030-34518-1
|
| 024 |
7 |
|
|a 10.1007/978-3-030-34518-1
|2 doi
|
| 040 |
|
|
|d GrThAP
|
| 050 |
|
4 |
|a Q334-342
|
| 072 |
|
7 |
|a UYQ
|2 bicssc
|
| 072 |
|
7 |
|a COM004000
|2 bisacsh
|
| 072 |
|
7 |
|a UYQ
|2 thema
|
| 082 |
0 |
4 |
|a 006.3
|2 23
|
| 245 |
1 |
0 |
|a Artificial Intelligence and Natural Language
|h [electronic resource] :
|b 8th Conference, AINL 2019, Tartu, Estonia, November 20-22, 2019, Proceedings /
|c edited by Dmitry Ustalov, Andrey Filchenkov, Lidia Pivovarova.
|
| 250 |
|
|
|a 1st ed. 2019.
|
| 264 |
|
1 |
|a Cham :
|b Springer International Publishing :
|b Imprint: Springer,
|c 2019.
|
| 300 |
|
|
|a X, 173 p. 125 illus., 37 illus. in color.
|b online resource.
|
| 336 |
|
|
|a text
|b txt
|2 rdacontent
|
| 337 |
|
|
|a computer
|b c
|2 rdamedia
|
| 338 |
|
|
|a online resource
|b cr
|2 rdacarrier
|
| 347 |
|
|
|a text file
|b PDF
|2 rda
|
| 490 |
1 |
|
|a Communications in Computer and Information Science,
|x 1865-0929 ;
|v 1119
|
| 505 |
0 |
|
|a Data Acquisition and Annotation -- Human-Computer Interaction -- Statistical Natural Language Processing -- Neural Language Models.
|
| 520 |
|
|
|a This book constitutes the refereed proceedings of the 8th Conference on Artificial Intelligence and Natural Language, AINL 2019, held in Tartu, Estonia, in November 2019. The 10 revised full papers and 2 short papers were carefully reviewed and selected from 34 submissions. The papers are organized according to the following topics: data acquisition and annotation; human-computer interaction; statistical natural language processing; neural language models.
|
| 650 |
|
0 |
|a Artificial intelligence.
|
| 650 |
|
0 |
|a Data mining.
|
| 650 |
|
0 |
|a Information storage and retrieval.
|
| 650 |
|
0 |
|a Database management.
|
| 650 |
|
0 |
|a Application software.
|
| 650 |
|
0 |
|a Optical data processing.
|
| 650 |
1 |
4 |
|a Artificial Intelligence.
|0 http://scigraph.springernature.com/things/product-market-codes/I21000
|
| 650 |
2 |
4 |
|a Data Mining and Knowledge Discovery.
|0 http://scigraph.springernature.com/things/product-market-codes/I18030
|
| 650 |
2 |
4 |
|a Information Storage and Retrieval.
|0 http://scigraph.springernature.com/things/product-market-codes/I18032
|
| 650 |
2 |
4 |
|a Database Management.
|0 http://scigraph.springernature.com/things/product-market-codes/I18024
|
| 650 |
2 |
4 |
|a Computer Appl. in Social and Behavioral Sciences.
|0 http://scigraph.springernature.com/things/product-market-codes/I23028
|
| 650 |
2 |
4 |
|a Computer Imaging, Vision, Pattern Recognition and Graphics.
|0 http://scigraph.springernature.com/things/product-market-codes/I22005
|
| 700 |
1 |
|
|a Ustalov, Dmitry.
|e editor.
|4 edt
|4 http://id.loc.gov/vocabulary/relators/edt
|
| 700 |
1 |
|
|a Filchenkov, Andrey.
|e editor.
|4 edt
|4 http://id.loc.gov/vocabulary/relators/edt
|
| 700 |
1 |
|
|a Pivovarova, Lidia.
|e editor.
|4 edt
|4 http://id.loc.gov/vocabulary/relators/edt
|
| 710 |
2 |
|
|a SpringerLink (Online service)
|
| 773 |
0 |
|
|t Springer eBooks
|
| 776 |
0 |
8 |
|i Printed edition:
|z 9783030345174
|
| 776 |
0 |
8 |
|i Printed edition:
|z 9783030345198
|
| 830 |
|
0 |
|a Communications in Computer and Information Science,
|x 1865-0929 ;
|v 1119
|
| 856 |
4 |
0 |
|u https://doi.org/10.1007/978-3-030-34518-1
|z Full Text via HEAL-Link
|
| 912 |
|
|
|a ZDB-2-SCS
|
| 950 |
|
|
|a Computer Science (Springer-11645)
|